Devine la série - Statistiques

Statistiques générales
  • Ce quiz a été pris 68 fois
  • Le résultat moyen est 6 sur 14
Statistiques - réponses
Hint Réponse % Correct
Breaking Bad
86%
Stranger Things
79%
Elite
65%
Game Of Thrones
56%
13 Reasons Why
54%
La Casa de Papel
54%
Adolescence
49%
Sherlock Holmes
42%
Euphoria
40%
Black Mirror
28%
Severance
25%
Chernobyl
18%
True Detective
12%
Silo
9%
Aucun quiz correspondant
Distribution des résultats
% des personnes avec chaque résultat
Percentile par nombre de réponses
Votre historique - résultats
Vous n’avez pas pris ce quiz